000 00377nam a2200157Ia 4500
005 20240823064146.0
008 240823s9999||||xx |||||||||||||| ||und||
082 _A681.2 Q5
100 _aAnkit Goel
245 0 _aGATE Instrumentation Engineering 2016
260 _c2016
_bArihant Publica
500 _aYES
650 _aGATE
_bGeneral
700 _a Geetika
942 _cNB
999 _c240041
_d240041